| 000 | 00466nam a22001817a 4500 | ||
|---|---|---|---|
| 003 | CEME | ||
| 005 | 20210628205812.0 | ||
| 008 | 210317b xxu||||| |||| 00| 0 eng d | ||
| 020 | _a969-0-01254-1 | ||
| 040 | _c. | ||
| 082 | _a923.15491MIR | ||
| 100 |
_aMuhammad Muzaffar Mirza.Prof _977073 |
||
| 245 | _aLasaani qauid | ||
| 260 |
_aLAHORE _bFEROZE SONS _c1995 |
||
| 300 | _a208P | ||
| 650 |
_aQUAID'S BIOGRAPHY BIOGRAPHY-QUAID-E-AZAM _977074 |
||
| 942 |
_cBK _2ddc |
||
| 999 |
_c582401 _d582401 |
||